000 01601nam a2200397 c 4500
001 14402
003 ES-MaCES
005 20180118122041.0
008 021216s2002 lu t i000 | eng d
020 _a9289701560
035 _aCES20020016209m
040 _aES-MaCES
_bspa
_cES-MaCES
245 0 0 _aQuality of work and employment in Europe
_b: issues and challenges
260 _aLuxembourg
_bOffice for Official Publications of the European Communities
_c2002
300 _a35 p.
_c24 cm
490 1 _aFoundation paper
_v1-2002
500 _aEn la port., además: European Foundation for the Improvement of Living and Working Conditions
500 _aPubl. también en francés bajo el tít.: La qualité du travail et de l'emploi en Europe : enjeux et défis
504 _aBibliografía: p. 33-35
541 _cGratuito
650 4 _aempleo
_928299
650 4 _acalidad de la vida de trabajo
_930024
650 4 _aseguridad en el empleo
_928301
650 4 _asalud en el trabajo
_928347
650 4 _acalificación profesional
_928319
653 1 0 _aEmpleo
650 4 _928300
_apolítica de empleo
650 4 _929020
_apaís de la UE
650 4 _926752
_aUE
710 2 _93819
_aFundación Europea para la Mejora de las Condiciones de Vida y de Trabajo
740 3 2 _aLa qualité du travail et de l'emploi en Europe : enjeux et défis
830 0 _aFoundation paper (Fundación Europea para la Mejora de las Condiciones de Vida y de Trabajo)
_v1-2002
_933799
902 _aDOC Literatura gris
942 _2CES
_cBK
_h2.1.
999 _c14402
_d14402